000 00489nmm a2200169Ia 4500
008 251105s9999||||xx |||||||||||||||||und||
020 _a9788416647422
041 _aspa
100 _aSanfeliu, Isabel
245 0 _aAmar-se : Ecos actuales del narciso
264 _a[Madrid, España] :
_bBiblioteca Nueva,
_c2016
300 _a288 páginas
490 _aNuevos temas de psicoanálisis
650 _aMythology
856 _uhttps://public.digitaliapublishing.com/a/40932
942 _cCF
999 _c77936
_d77936